Artpress/ (Record no. 3351)

MARC details
000 -LEADER
campo de control de longitud fija 01912nam a22005297a 4500
003 - IDENTIFICADOR DE NÚMERO DE CONTROL
campo de control OSt
005 - FECHA Y HORA DE LA ÚLTIMA TRANSACCIÓN
campo de control 20230413090033.0
008 - DATOS DE LONGITUD FIJA--INFORMACIÓN GENERAL
campo de control de longitud fija 221006b |||||||| |||| 00| 0 eng d
040 ## - FUENTE DE CATALOGACIÓN
Centro/agencia transcriptor Biblioteca Lado V
082 ## - NÚMERO DE LA CLASIFICACIÓN DECIMAL DEWEY
Número de clasificación 700
Número de ítem K41a
100 ## - ENTRADA PRINCIPAL--NOMBRE DE PERSONA
9 (RLIN) 797
Nombre de persona Kerraoul, Jean Pierre de
Término indicativo de función/relación editor
-- director
245 ## - MENCIÓN DEL TÍTULO
Título Artpress/
260 ## - PUBLICACIÓN, DISTRIBUCIÓN, ETC.
Nombre del editor, distribuidor, etc. Court Gallerie
Fecha de publicación, distribución, etc. 2004
Lugar de publicación, distribución, etc. Paris
300 ## - DESCRIPCIÓN FÍSICA
Dimensiones 21x28cm
Extensión 98p.
366 ## - INFORMACIÓN SOBRE DISPONIBILIDAD COMERCIAL
Nota eng
490 ## - MENCIÓN DE SERIE
Mención de serie 297
Designación de volumen o secuencia 04
-- 2004
Número Internacional Normalizado para Publicaciones Seriadas 0004 3273
505 ## - NOTA DE CONTENIDO CON FORMATO
Título exporama
505 ## - NOTA DE CONTENIDO CON FORMATO
Título le marche de l'art
505 ## - NOTA DE CONTENIDO CON FORMATO
Título Pascal Rambert
505 ## - NOTA DE CONTENIDO CON FORMATO
Título Daniel Libeskind chef d'orchestre
505 ## - NOTA DE CONTENIDO CON FORMATO
Título Marc Devade la peinture contre la bureaucratie
505 ## - NOTA DE CONTENIDO CON FORMATO
Título Yan Devade la peinture contre la bureaucratie
505 ## - NOTA DE CONTENIDO CON FORMATO
Título Filliou faber, Filliou ludens, Filliou sapiens
505 ## - NOTA DE CONTENIDO CON FORMATO
Título Yukio Nakagawa la fleur de l'ame
505 ## - NOTA DE CONTENIDO CON FORMATO
Título Philip-Lorca Dicorcia faire le trottoir
505 ## - NOTA DE CONTENIDO CON FORMATO
Título cinema: le dernier des adolescents
505 ## - NOTA DE CONTENIDO CON FORMATO
Título art press livres? que peuvent les images
505 ## - NOTA DE CONTENIDO CON FORMATO
Título Georges Didi-Huberman images malgre tout
505 ## - NOTA DE CONTENIDO CON FORMATO
Título la pensee du retour
505 ## - NOTA DE CONTENIDO CON FORMATO
Título voix hors du temps
505 ## - NOTA DE CONTENIDO CON FORMATO
Título Georges Roque qu'est-ce que l'art abstrait?
505 ## - NOTA DE CONTENIDO CON FORMATO
Título le feuilleton
505 ## - NOTA DE CONTENIDO CON FORMATO
Título les expositions
505 ## - NOTA DE CONTENIDO CON FORMATO
Título new york
505 ## - NOTA DE CONTENIDO CON FORMATO
Título la photographie
505 ## - NOTA DE CONTENIDO CON FORMATO
Título les arts electroniques
650 ## - PUNTO DE ACCESO ADICIONAL DE MATERIA--TÉRMINO DE MATERIA
Fuente del encabezamiento o término Tesauro de Arte & Arquitectura
Término de materia o nombre geográfico como elemento de entrada ARTE
9 (RLIN) 703
650 ## - PUNTO DE ACCESO ADICIONAL DE MATERIA--TÉRMINO DE MATERIA
Fuente del encabezamiento o término Tesauro de Arte & Arquitectura
Término de materia o nombre geográfico como elemento de entrada EXPOSICIONES
650 ## - PUNTO DE ACCESO ADICIONAL DE MATERIA--TÉRMINO DE MATERIA
Fuente del encabezamiento o término Tesauro de Arte & Arquitectura
Término de materia o nombre geográfico como elemento de entrada BIENAL
650 ## - PUNTO DE ACCESO ADICIONAL DE MATERIA--TÉRMINO DE MATERIA
Fuente del encabezamiento o término Tesauro de Arte & Arquitectura
Término de materia o nombre geográfico como elemento de entrada APRECIACION
650 ## - PUNTO DE ACCESO ADICIONAL DE MATERIA--TÉRMINO DE MATERIA
Fuente del encabezamiento o término Tesauro de Arte & Arquitectura
Término de materia o nombre geográfico como elemento de entrada TEORIA
650 ## - PUNTO DE ACCESO ADICIONAL DE MATERIA--TÉRMINO DE MATERIA
Fuente del encabezamiento o término Tesauro de Arte & Arquitectura
Término de materia o nombre geográfico como elemento de entrada CRITICA
650 ## - PUNTO DE ACCESO ADICIONAL DE MATERIA--TÉRMINO DE MATERIA
Fuente del encabezamiento o término Tesauro de Arte & Arquitectura
Término de materia o nombre geográfico como elemento de entrada FOTOGRAFIA
9 (RLIN) 702
650 ## - PUNTO DE ACCESO ADICIONAL DE MATERIA--TÉRMINO DE MATERIA
Fuente del encabezamiento o término Tesauro de Arte & Arquitectura
Término de materia o nombre geográfico como elemento de entrada LITERATURA
650 ## - PUNTO DE ACCESO ADICIONAL DE MATERIA--TÉRMINO DE MATERIA
Fuente del encabezamiento o término Tesauro de Arte & Arquitectura
Término de materia o nombre geográfico como elemento de entrada PARIS
942 ## - ELEMENTOS DE ENTRADA SECUNDARIOS (KOHA)
Fuente del sistema de clasificación o colocación Clasificación Decimal Dewey
Tipo de ítem Koha Libros
Parte de la signatura que corresponde a la clasificación (Parte de la clasificación) 700
Parte de la signatura que identifica el ejemplar (Parte del ítem) K41a
Suprimir en OPAC No
Holdings
Estatus retirado Estado de pérdida Fuente del sistema de clasificación o colocación Especificación de materiales (volumen encuadernado u otra parte) Estado de daño No para préstamo Colección Biblioteca de origen Biblioteca actual Fecha de adquisición Enumeración/cronología de publicación seriada Número de inventario Total de préstamos Signatura topográfica completa Código de barras Visto por última vez Precio de reemplazo Tipo de ítem Koha
    Clasificación Decimal Dewey 2004     Revistas Biblioteca LadoV Biblioteca LadoV 13/04/2023 297 003210   700 K41a 003210 13/04/2023 13/04/2023 Libros